书目信息 |
| 题名: |
Windows9x/NT注册表技术内幕
|
|
| 作者: | 李进 , 刘伟 主编 | |
| 分册: | ||
| 出版信息: | 北京 清华大学出版社 2000.04 |
|
| 页数: | 339页 | |
| 开本: | 16开 | |
| 丛书名: | ||
| 单 册: | ||
| 中图分类: | TP316.7 | |
| 科图分类: | ||
| 主题词: | 软件 | |
| 电子资源: | ||
| ISBN: | 7-302-01216-4 | |
| 000 | 00602nam0 2200205 45 | |
| 001 | 0011211022 | |
| 005 | 20001121103137.0 | |
| 010 | @a7-302-01216-4@d32.00元 | |
| 100 | @a20001121d2000 km y0chiy0120 ea | |
| 101 | 0 | @achi |
| 105 | @a z 000yy@AWindows9x/NT Zhu Ce Biao Ji Shu NeiMu | |
| 200 | 1 | @aWindows9x/NT注册表技术内幕@f李进,刘伟主编@FLi Jin,Liu Wei Zhu Bian |
| 210 | @a北京@c清华大学出版社@d2000.04 | |
| 215 | @a339页@d16开 | |
| 606 | 0 | @a软件 |
| 690 | @aTP316.7@v3 | |
| 701 | 0 | @a李进@4主编 |
| 701 | 0 | @a刘伟@4主编 |
| 801 | @aCN@bPftUser@c20001121 | |
| 905 | @b412958-960@dTP316.7@eL.529@f3 | |
| Windows9x/NT注册表技术内幕/李进,刘伟主编.-北京:清华大学出版社,2000.04 |
| 339页;16开 |
| ISBN 7-302-01216-4:32.00元 |
| ● |
| 相关链接 |
|
|
|
正题名:Windows9x/NT注册表技术内幕
索取号:TP316.7/L.529
 
预约/预借
| 序号 | 登录号 | 条形码 | 馆藏地/架位号 | 状态 | 备注 |
| 1 | 412958 | 204129585 | 自科库301/ [索取号:TP316.7/L.529] | 在馆 | |
| 2 | 412959 | 204129594 | 自科库301/301自科库 87排2列1层/ [索取号:TP316.7/L.529] | 在馆 | |
| 3 | 412960 | 204129601 | 自科库301/301自科库 87排2列1层/ [索取号:TP316.7/L.529] | 在馆 |